|
|
|
|
| LEADER |
00941nam a22002657a 4500 |
| 001 |
38911 |
| 003 |
BD-DhAAL |
| 008 |
220614t2022 nyua b 001 0 eng d |
| 999 |
|
|
|c 44332
|d 44332
|
| 010 |
|
|
|a 74003465
|
| 020 |
|
|
|a 9789353432775
|
| 040 |
|
|
|a BD-DhAAL
|c BD-DhAAL
|
| 082 |
0 |
0 |
|a 514
|
| 100 |
1 |
|
|a Munkres, James R.,
|d 1930-
|9 49331
|
| 245 |
1 |
0 |
|a Topology /
|c James R. Munkres.
|
| 260 |
|
|
|a India :
|b Pearson,
|c c2022.
|
| 300 |
|
|
|a xvi, 537 pages :
|b illustrations ;
|c 24 cm.
|
| 504 |
|
|
|a Includes bibliographical references (pages 517-518).
|
| 526 |
|
|
|a MNS
|
| 541 |
|
|
|a Trim Education
|e 38911
|
| 650 |
|
0 |
|a Topology.
|9 49332
|
| 650 |
|
0 |
|a Mathematics.
|9 49333
|
| 852 |
|
|
|a Ayesha Abed Library
|c General Stacks
|
| 942 |
|
|
|2 ddc
|c BK
|
| 952 |
|
|
|0 0
|1 0
|2 ddc
|4 0
|6 514_000000000000000_MUN
|7 0
|9 70829
|a BRACUL
|b BRACUL
|c GEN
|d 2022-06-06
|e Trim Education
|g 705.00
|l 8
|m 109
|o 514 MUN
|p 3010038911
|q 2026-05-19
|r 2025-09-23
|s 2025-09-23
|t 1
|v 705.00
|w 2022-06-06
|y BK
|